[Event "28th WSCC Open 65 2018"]
[Site "Bled"]
[Date "2018.11.20"]
[Round "3"]
[White "Lederman, Leon"]
[Black "Vaisser, Anatoli"]
[Result "1/2-1/2"]
[WhiteElo "2255"]
[BlackElo "2504"]
[Annotator "TA"]
[PlyCount "51"]
[EventDate "2018.11.17"]
[EventType "swiss"]
[EventCountry "SLO"]
[SourceTitle "playchess.com"]
[Source "ChessBase"]
[SourceQuality "1"]

{[%evp 23,51,-31,-42,-101,-95,-108,-80,-116,-64,-77,-64,-72,-29,-64,-55,-60,-57,-64,-35,-33,-2,-2,-2,-3,-8,-14,0,-8,0,-6]} 1. e4 c5 2. Nf3 Nc6 3. d4 cxd4 4. Nxd4 Nf6 5. Nc3 e5 6. Ndb5 d6 7. a4 a6 8. Na3 Bg4 9. f3 Be6 10. Bc4 Rc8 11. Be3 {B33: Sicilian: Pelikan and Sveshnikov Variations} Nb4 12. Bxe6 fxe6 {LiveBook: 6 Games} 13. f4 (13. Ne2 $15) 13... exf4 $17 14. Bxf4 Be7 15. Qe2 O-O ({Better is} 15... Qb6 $17 16. a5 Qxa5) 16. O-O Qb6+ 17. Kh1 Qc6 18. Rad1 $146 d5 19. exd5 Nbxd5 20. Nab1 Nxf4 21. Rxf4 Rfe8 22. Nd2 {The position is equal.} b5 23. axb5 axb5 24. Nxb5 {Strongly threatening Na7.} Qxc2 25. Qxe6+ Kh8 26. Qb3 $1 {Precision: White = 47%, Black = 41%.} 1/2-1/2

[Event "28th WSCC Open 65 2018"]
[Site "Bled"]
[Date "2018.11.20"]
[Round "3"]
[White "Franzen, Jozef"]
[Black "Rashkovsky, Nukhim N"]
[Result "0-1"]
[WhiteElo "2239"]
[BlackElo "2482"]
[Annotator "TA"]
[PlyCount "110"]
[EventDate "2018.11.17"]
[EventType "swiss"]
[EventCountry "SLO"]
[SourceTitle "playchess.com"]
[Source "ChessBase"]
[SourceQuality "1"]

{[%evp 23,110,32,43,27,33,40,30,31,29,0,18,18,18,13,20,18,18,21,16,20,24,13,29,33,21,0,9,0,0,-16,-24,-29,-14,-16,-19,-46,-47,-68,-51,-82,-70,-76,-66,-93,-92,-142,-91,-151,-138,-144,-152,-157,-148,-152,-119,-158,-154,-183,-177,-167,-166,-155,-157,-179,-140,-227,-160,-342,-127,-125,-44,-109,0,0,0,0,0,0,0,0,0,0,0,-1381,-1378,-1008,-980,-951,-860]} 1. Nf3 c5 2. e4 d6 3. g3 Nf6 4. d3 g6 5. Bg2 Bg7 6. O-O O-O 7. c3 Nc6 8. Re1 Bg4 9. h3 Bxf3 10. Qxf3 Rb8 11. Be3 {A05: Réti Opening: 1 Nf3 Nf6} Nd7 12. a4 a6 {LiveBook: 3 Games} 13. Nd2 $146 {White is slightly better.} ({Predecessor:} 13. Qd1 Qc7 14. Nd2 b5 15. axb5 axb5 16. Rc1 b4 17. d4 bxc3 18. bxc3 Rfc8 {1-0 (39) Saric,I (2664)-Swapnil,S (2533) Caleta 2018}) 13... b5 14. axb5 axb5 15. Rec1 b4 16. Nc4 bxc3 17. bxc3 Rb3 18. Bd2 Nde5 19. Nxe5 Nxe5 20. Qd1 Qb6 21. Rcb1 Rxb1 22. Rxb1 Qa6 23. d4 Nc4 24. Bg5 h6 25. Bf4 g5 26. Be3 Nxe3 27. fxe3 Qc4 28. Qd2 Ra8 29. Rb2 Ra3 30. Rc2 Ra1+ 31. Kf2 Bf6 32. Qe2 Qb3 33. Bf1 Kg7 34. Kg2 e6 ({Black should try} 34... Qb7 35. Kf3 cxd4 36. exd4 Bxd4 $1 {[%mdl 512]} 37. cxd4 Rxf1+ 38. Qxf1 Qb3+ {[%mdl 64] Double Attack} 39. Kf2 Qxc2+ {[%mdl 64] Double Attack} 40. Ke3 d5 $1 {[%mdl 512]}) 35. Kf2 ({Better is} 35. Qf2) 35... Bd8 $17 36. Kg2 Ba5 37. Qd3 {[#]} c4 $1 {[%mdl 512]} 38. Qd2 (38. Qxc4 Qxc2+) 38... Ra3 {[%cal Ra5c3]} 39. Qc1 {and if Bxc4! works, White does fine.} d5 {[%cal Ra5c3]} ({Don't take} 39... Bxc3 {[#]} 40. Bxc4 $1 {[%mdl 512]} Qb4 41. Qf1 $15) 40. exd5 exd5 {[%cal Ra5c3]} 41. Rb2 Qa4 42. Rf2 Rxc3 43. Qb1 Qd7 44. Be2 (44. Qf5 $17 Qe6 45. Be2) 44... Rb3 45. Qa2 $2 (45. Bg4 $17 Qe7 46. Qf5) 45... Bd8 $2 (45... Be1 $19 46. Rf3 Qe6) 46. e4 f6 (46... dxe4 $17 47. Bxc4 Rf3 48. Rxf3 exf3+ 49. Kxf3 Bc7) 47. Qc2 (47. e5 $1 $15) 47... Bc7 {[#]} (47... Bb6 $17 48. Rf3 Bxd4 49. exd5 Rb4) 48. e5 $1 $11 {[%mdl 512]} fxe5 49. Bg4 Qe7 50. Bh5 $1 e4 {[%cal Be5e4,Be4e3][%mdl 32]} ({Don't play} 50... exd4 $6 51. Qg6+ Kh8 52. Qxh6+ Kg8 53. Bf7+ Qxf7 54. Rxf7 $16) 51. Rf7+ Qxf7 $1 52. Bxf7 Rxg3+ 53. Kf2 $2 {[%mdl 8192]} (53. Kh1 $11 Rxh3+ 54. Kg1 Kxf7 55. Qa4 Rg3+ 56. Kf1 Rf3+ 57. Ke2) 53... e3+ $19 {Black is clearly winning.} 54. Kf1 Rf3+ 55. Kg1 Rxf7 {Accuracy: White = 44%, Black = 65%.} 0-1

[Event "28th WSCC Open 65 2018"]
[Site "Bled"]
[Date "2018.11.20"]
[Round "3"]
[White "Gruzmann, Boris"]
[Black "Jansa, Vlastimil"]
[Result "0-1"]
[WhiteElo "2215"]
[BlackElo "2437"]
[Annotator "TA"]
[PlyCount "95"]
[EventDate "2018.11.17"]
[EventType "swiss"]
[EventCountry "SLO"]
[SourceTitle "playchess.com"]
[Source "ChessBase"]
[SourceQuality "1"]

{[%evp 20,95,-18,-13,-12,-18,0,-42,-30,-50,-47,-80,-49,-49,-58,-50,-46,-114,-89,-94,-93,-145,-133,-158,-164,-160,-147,-162,-152,-175,-171,-162,-168,-181,-179,-184,-157,-197,-187,-202,-208,-182,-136,-193,-183,-209,-196,-192,-172,-181,-170,-184,-199,-221,-236,-268,-210,-211,-208,-216,-211,-206,-197,-203,-192,-204,-177,-254,-155,-225,-227,-206,-180,-459,-331,-487,-511,-29988]} 1. e4 c5 2. Nf3 e6 3. d4 cxd4 4. Nxd4 Nf6 5. Bd3 Nc6 6. Nxc6 bxc6 7. c4 e5 8. Nc3 Bc5 9. O-O O-O 10. Kh1 d6 11. Bg5 h6 {B44: Sicilian: Taimanov: 5 Nb5} 12. Bh4 Be6 (12... g5 13. Bg3 Rb8 14. b3 h5 15. Qd2 Nd7 16. h3 h4 17. Bh2 Bd4 18. Rac1 Nc5 19. Bb1 {1-0 (76) Georgiev,K (2651)-Zhang,P (2567) Dos Hermanas 2004}) 13. Bg3 $146 ({Predecessor:} 13. Qe1 Rb8 14. Rb1 g5 15. Bg3 Nh5 16. Ne2 Nf4 17. Bxf4 gxf4 {0-1 (31) Sahin,A (1969)-Quparadze,G (2359) Gebze 2013}) 13... Rb8 {Black is slightly better.} 14. Rb1 Bd4 15. h3 Nd7 16. f4 exf4 17. Bxf4 Ne5 $36 {[%mdl 2048] White is under pressure.} 18. Qe2 (18. Qd2 $15) 18... Bxc3 19. bxc3 Qa5 20. Bxe5 (20. Qd2 $142) 20... dxe5 $17 ({Don't take} 20... Qxe5 21. Qd2 $17) 21. Rbc1 Rb7 22. Rc2 Rd8 23. Qe3 Qa4 24. Rfc1 Bxc4 25. Bxc4 Qxc4 26. Kh2 Qd3 27. Qe1 Rd6 28. Qh4 Rf6 29. Qg4 {Black must now prevent Qc8+.} Rd7 30. Qe2 Rfd6 31. Qg4 (31. Qxd3 $17 Rxd3 32. Rb1) 31... g6 $19 32. Qh4 Kg7 33. Rf2 Qe3 34. Rcc2 c5 {[%cal Bc6c5,Bc5c4][%mdl 32]} 35. Rf3 Qg5 36. Qf2 {[#]} c4 $1 37. Rb2 Rf6 38. Rxf6 Qxf6 39. Qxf6+ Kxf6 {[%mdl 4096] Endgame KR-KR} 40. Rb4 {[#]} Kg5 $1 41. Rxc4 Kf4 42. a4 Ke3 43. a5 (43. Rc6 {is a better defense.}) 43... Kd3 44. Rb4 (44. Rc6 $17 {was necessary.}) 44... Kxc3 45. Rb1 f5 46. a6 $2 (46. Kg1) 46... Rd6 47. Rc1+ (47. exf5 $142 gxf5 48. Ra1) 47... Kd2 48. exf5 {Accuracy: White = 28%, Black = 77%.} (48. Rc4 $19 Kd3 49. Ra4) 0-1

[Event "28th WSCC Open 65 2018"]
[Site "Bled"]
[Date "2018.11.20"]
[Round "3"]
[White "Privara, Igor"]
[Black "Renman, Nils-Gustaf"]
[Result "0-1"]
[WhiteElo "2207"]
[BlackElo "2351"]
[Annotator "TA"]
[PlyCount "58"]
[EventDate "2018.11.17"]
[EventType "swiss"]
[EventCountry "SLO"]
[SourceTitle "playchess.com"]
[Source "ChessBase"]
[SourceQuality "1"]

{[%evp 19,58,1,-10,-14,-7,-18,-1,-36,-31,-23,-24,-24,-28,-28,-31,-34,-39,-72,-29,-126,-116,-129,-127,-120,-123,-120,-124,-173,-167,-160,-166,-326,-314,-1310,-1332,-1247,-1478,-1379,-1221,-29997,-29998]} 1. e4 e6 2. d4 d5 3. e5 c5 4. c3 Nc6 5. Nf3 Qb6 6. a3 Nh6 {[%cal Bg8h6,Bh6f5,Bf5e7,Be7g6][%mdl 32]} 7. b4 cxd4 8. cxd4 Nf5 9. Bb2 Bd7 10. g4 Nfe7 {LiveBook: 162 Games} 11. Bd3 {C02: French: Advance Variation} (11. Nc3 Na5 12. Nd2 Rc8 13. Na4 Qc6 14. b5 Qc7 15. Rc1 Qd8 16. Nc5 Ng6 17. Nxd7 Qxd7 18. h4 Be7 19. h5 {½-½ (41) Areshchenko,A (2709)-Romanov,E (2640) Legnica 2013}) 11... Ng6 12. Qd2 a6 13. h4 {The position is equal.} h5 $146 ({Predecessor:} 13... Na7 14. h5 Ne7 15. Nc3 Rc8 16. Qf4 h6 17. O-O Ng8 18. g5 hxg5 19. Nxg5 {1-0 (33) Djafarli,A-Gasymov,K Baku 2003}) 14. g5 Rc8 15. Kf1 Nce7 16. Nc3 Nf5 17. Bxf5 exf5 {[%cal Be6f5,Bf5f4][%mdl 32]} 18. Rc1 Be7 19. Kg2 (19. Ne1 $11) 19... Qe6 $17 20. Ne1 f4 21. f3 {[#]} f6 $1 22. exf6 gxf6 23. Nd3 {And now Rce1 would win.} fxg5 24. hxg5 Qf5 25. Ne5 $2 {[#]} (25. Kf1) 25... Qxg5+ 26. Kf2 $2 (26. Kf1 Nxe5 27. dxe5) 26... Qg3+ $19 27. Ke2 Nxe5 28. dxe5 Qg2+ 29. Kd3 Bf5+ {Accuracy: White = 37%, Black = 90%.} 0-1

[Event "28th WSCC Open 65 2018"]
[Site "Bled"]
[Date "2018.11.20"]
[Round "3"]
[White "Frick, Christoph"]
[Black "Lisenko, Alexander V"]
[Result "0-1"]
[WhiteElo "2186"]
[BlackElo "2334"]
[Annotator "TA"]
[PlyCount "64"]
[EventDate "2018.11.17"]
[EventType "swiss"]
[EventCountry "SLO"]
[SourceTitle "playchess.com"]
[Source "ChessBase"]
[SourceQuality "1"]

{[%evp 14,64,0,6,30,22,25,19,19,13,12,11,8,0,0,4,4,0,0,0,0,0,17,14,30,-19,-14,-24,-23,-93,-50,-135,-133,-124,-116,-160,-173,-163,-170,-166,-133,-169,-153,-199,-199,-213,-216,-210,-177,-444,-423,-668,-666]} 1. d4 Nf6 2. Bf4 e6 3. e3 c5 4. c3 b6 5. Nd2 Be7 6. h3 Bb7 7. Ngf3 O-O 8. Bd3 cxd4 {A47: 1 d4 Nf6 2 Nf3 b6: Torre, London and Colle Systems} 9. cxd4 (9. exd4 Ba6 10. Bxa6 {½-½ (10) Nisipeanu,L (2671)-Bauer,C (2647) Zuerich 2017}) 9... Nc6 10. a3 d6 {The position is equal.} 11. O-O e5 12. Bh2 Nxd4 13. Nxd4 $146 ({Predecessor:} 13. exd4 e4 14. Nxe4 Nxe4 {1-0 (62) Irizanin,R (2296)-Mladenovic,S (2355) Kragujevac 2018}) 13... exd4 14. exd4 Qd7 15. Rc1 Rac8 16. Qe2 Nd5 17. Rfe1 g6 18. Bc4 Bg5 19. Ne4 (19. Bb5 $5 {[%cal Rb5d7]} Qe7 20. Qxe7 Bxe7 21. Rxc8 Rxc8 22. Bd3 $11) 19... Rce8 $1 ({Of course not} 19... Bxc1 $6 20. Bxd5 Kg7 21. Bxb7 $16) 20. Qd1 Ne3 21. fxe3 (21. Nf6+ $11 Bxf6 22. fxe3) 21... Rxe4 $17 ({Don't play} 21... Bxe4 $6 22. Qd2 $11) 22. Qb3 (22. Rc3 $1 $15) 22... Qe7 23. Rc3 {[#]} Rxd4 $1 {[%mdl 512] Hoping for ...Rd2.} 24. Bg3 {[#]} (24. exd4 Qxe1+) 24... Rd2 $1 25. Re2 Rxe2 $40 {[%mdl 128] Black attacks with force.} 26. Bxe2 Qe4 {[%csl Gb7][%cal Re4g2]} 27. Bf1 Bd5 28. Qd1 Bxe3+ {[%cal Bg5e3,Be3f2,Bf2e1][%mdl 32]} 29. Kh1 Re8 30. Bxd6 Qf5 31. Bh2 $2 (31. Kh2) 31... Bf2 $19 {Strongly threatening ...Re1.} 32. Qd2 (32. Rc1 $142 Re3 33. Qg4 Rxh3 34. Qxf5 gxf5 35. Bc4) 32... Be1 {[%mdl 64] Discovered Attack (Double check). Accuracy: White = 33%, Black = 75%.} 0-1

[Event "28th WSCC Open 65 2018"]
[Site "Bled"]
[Date "2018.11.20"]
[Round "3"]
[White "Hartung-Nielsen, Jens"]
[Black "Van Riemsdijk, Herman C."]
[Result "1/2-1/2"]
[WhiteElo "2186"]
[BlackElo "2270"]
[Annotator "TA"]
[PlyCount "35"]
[EventDate "2018.11.17"]
[EventType "swiss"]
[EventCountry "SLO"]
[SourceTitle "playchess.com"]
[Source "ChessBase"]
[SourceQuality "1"]

{[%evp 10,35,2,0,9,8,0,0,0,0,7,0,33,36,51,57,43,49,43,56,84,81,76,87,108,93,113,105]} 1. e4 e5 2. Nf3 Nc6 3. Nc3 Nf6 4. Bb5 Nd4 5. Ba4 Nxf3+ 6. Qxf3 Be7 {C48: Four Knights: 4 Bb5, replies other than 4...Bb4} (6... Bc5 7. O-O O-O 8. d3 c6 9. Bb3 Kh8 10. Be3 Bxe3 11. fxe3 d6 12. h3 Be6 13. Rf2 {½-½ (13) Shanava,K (2499)-Grigoryan,K (2578) Khomein 2018}) 7. Qg3 O-O 8. Qxe5 c6 {The position is equal.} 9. O-O d5 10. d3 $146 ({Predecessor:} 10. Qf4 b5 11. e5 Ng4 12. Bb3 f6 13. h3 fxe5 14. Qe4 Kh8 15. Nxd5 cxd5 16. Qxd5 {½-½ (44) Kosintseva,T (2373)-Atalik,E (2366) Elista 2002}) 10... Bd6 11. Qg5 $36 {[%cal Re4d5][%mdl 2048] White has some pressure.} b5 {[#] Strongly threatening ...h6.} 12. e5 Be7 13. exf6 Bxf6 14. Qf4 {Hoping for Bb3.} Bxc3 15. bxc3 {[#] Threatens to win with Bb3.White is better.} bxa4 16. Qxa4 Qf6 17. Be3 Bd7 18. Qa5 1/2-1/2

[Event "28th WSCC Open 65 2018"]
[Site "Bled"]
[Date "2018.11.20"]
[Round "3"]
[White "Hohler, Peter"]
[Black "Boehnisch, Manfred"]
[Result "0-1"]
[WhiteElo "2048"]
[BlackElo "2261"]
[Annotator "TA"]
[PlyCount "78"]
[EventDate "2018.11.17"]
[EventType "swiss"]
[EventCountry "SLO"]
[SourceTitle "playchess.com"]
[Source "ChessBase"]
[SourceQuality "1"]

{[%evp 14,78,6,1,7,-3,27,4,12,11,25,4,26,32,30,0,25,27,25,12,16,0,0,0,7,-8,0,-20,-5,-10,-17,-6,-4,-5,0,-6,-5,-4,-6,-32,-22,-40,-40,-49,-42,-50,-36,-76,-73,-75,-45,-63,-63,-84,-87,-139,-138,-138,-138,-155,-112,-124,0,0,0,-6395,-6379]} 1. d4 Nf6 2. c4 e6 3. Nf3 Bb4+ 4. Nbd2 b6 5. e3 Bb7 6. Bd3 c5 7. O-O cxd4 {E14: Queen's Indian: Classical Variation (4 e3)} 8. Nxd4 {LiveBook: 8 Games} (8. exd4 O-O 9. a3 Be7 10. b4 a5 11. b5 d5 12. Bb2 Nbd7 13. a4 Rc8 14. Rc1 dxc4 15. Nxc4 Nd5 16. g3 Nb4 17. Be2 Na2 {½-½ (36) Carlsen,M (2865)-Naiditsch,A (2706) Baden-Baden 2015}) 8... Nc6 9. Nxc6 $146 ({Predecessor:} 9. N2f3 O-O 10. a3 Be7 11. Qe2 Nxd4 12. Nxd4 d5 13. Rd1 Rc8 14. b3 Rc7 15. Bb2 Qa8 16. f3 a6 17. Rac1 Rfc8 18. b4 dxc4 19. Bxc4 b5 20. Bd3 Bd5 21. Rxc7 Rxc7 22. Rc1 Rxc1+ 23. Bxc1 Qc8 24. Qc2 {½-½ (24) Kharitonov,A-Lerner,K (2525) Tallinn (Estland) 1983}) 9... Bxc6 {The position is equal.} 10. a3 Be7 11. b3 d5 12. Bb2 Rc8 13. Qe2 O-O 14. Rac1 Bb7 15. Rfd1 Qd6 16. Nf3 ({Much worse is} 16. Bxf6 Bxf6 17. b4 Qc6 $15) 16... Rfd8 17. Bc2 Qb8 18. cxd5 Rxd5 19. Rxd5 (19. Bd3 {feels hotter.} Rxc1 20. Rxc1 a5 21. Rd1 h6 22. h3) 19... Bxd5 20. Bd1 Rxc1 21. Bxc1 Qb7 22. Bb2 h6 23. Qc2 Ne4 24. Be2 b5 25. b4 $1 Nd6 26. Ne1 a6 27. Qc3 {[%csl Gb2][%cal Rc3g7] [#]} f6 28. Bf3 Nc4 29. Bc1 e5 {[%cal Be6e5,Be5e4][%mdl 32]} 30. Bxd5+ Qxd5 31. Qd3 Qc6 32. Qc2 e4 33. Qe2 Qd5 34. Nc2 ({White should play} 34. Bb2) 34... Qd3 35. Kf1 f5 36. Nd4 Qb1 $40 {[%mdl 128] Black is out for blood.} 37. Qc2 Nxa3 ({Better is} 37... Qxc2 $17 38. Nxc2 Bf6) 38. Qc8+ $11 Bf8 {[#] And now ...Nc4 would win.} 39. Ne6 $2 {[%mdl 8192]} (39. Qe6+ $11 Kh8 40. Qc8) 39... Qd3+ {Precision: White = 33%, Black = 74%.} 0-1

[Event "28th WSCC Open 65 2018"]
[Site "Bled"]
[Date "2018.11.21"]
[Round "4"]
[White "Vaisser, Anatoli"]
[Black "Werner, Clemens"]
[Result "1-0"]
[WhiteElo "2504"]
[BlackElo "2266"]
[Annotator "TA"]
[PlyCount "54"]
[EventDate "2018.11.17"]
[EventType "swiss"]
[EventCountry "SLO"]
[SourceTitle "playchess.com"]
[Source "ChessBase"]
[SourceQuality "1"]

{[%evp 16,54,26,20,33,7,12,17,34,27,61,57,49,52,54,-8,7,17,122,120,114,131,220,210,332,350,332,328,398,397,456,456,562,570,643,645,666,647,662,657,1057]} 1. d4 d6 2. e4 Nf6 3. Nc3 e5 4. dxe5 dxe5 5. Qxd8+ Kxd8 6. Bc4 Bb4 7. Bd2 Ke7 {B07: Pirc Defence: Miscellaneous Systems} 8. Nf3 Nbd7 9. O-O-O {LiveBook: 4 Games} Bc5 $146 {The position is equal.} ({Predecessor:} 9... c6 10. Nd5+ Nxd5 11. exd5 Bxd2+ 12. Nxd2 cxd5 13. Bxd5 Nb6 14. Bb3 f6 15. Rhe1 {1-0 (38) Kotronias,V (2599)-Skembris,S (2446) Athens 2004}) 10. Bg5 {[#] Threatens to win with Nd5+.} c6 $1 11. Bh4 b5 12. Bb3 $1 a5 13. a4 b4 14. Ne2 $36 {[%cal Bc3e2,Be2g3,Bg3f5][%mdl 2080] White has some pressure.} h6 15. Nd2 (15. Rhe1 $1 $14) 15... Ba6 16. Bc4 Bb7 (16... Bxc4 $11 17. Nxc4 g5) 17. Ng3 $16 Kf8 {...g5 is the strong threat.} 18. Nf5 g6 (18... Nb6 $16 {keeps fighting.}) 19. Nb3 $18 gxf5 (19... Bb6 $142) 20. Nxc5 {[%mdl 64] [#] Overworked Piece} Nxc5 21. Bxf6 Rh7 22. exf5 Ne4 23. Bh4 {White is clearly winning.} Re8 24. f3 Ng5 25. Bf2 Rg7 26. h4 Nh7 27. Be3 Rxg2 {Accuracy: White = 78%, Black = 33%.} 1-0

[Event "28th WSCC Open 65 2018"]
[Site "Bled"]
[Date "2018.11.21"]
[Round "4"]
[White "Rashkovsky, Nukhim N"]
[Black "Maryasin, Boris"]
[Result "1-0"]
[WhiteElo "2482"]
[BlackElo "2284"]
[Annotator "TA"]
[PlyCount "69"]
[EventDate "2018.11.17"]
[EventType "swiss"]
[EventCountry "SLO"]
[SourceTitle "playchess.com"]
[Source "ChessBase"]
[SourceQuality "1"]

{[%evp 13,69,11,5,-25,22,-29,-36,-52,4,4,4,0,20,-37,-43,-79,0,-87,-127,-125,-124,-103,-37,-39,541,571,558,556,558,555,573,562,567,555,524,477,1091,1115,1106,1098,1077,1073,1152,1159,2322,1968,2108,691,680,680,680,660,753,749,762,752,768,766]} 1. d4 Nf6 2. Nf3 e6 3. c4 d5 4. e3 b6 5. b3 Bb7 6. Bd3 Bd6 {E14: Queen's Indian: Classical Variation (4 e3)} 7. Nc3 O-O {LiveBook: 4 Games} 8. Qc2 $146 ({Predecessor:} 8. O-O Nbd7 9. Bb2 a6 10. Rc1 Qe7 11. Re1 Ne4 12. Qc2 f5 13. Ne2 Rae8 14. Ng3 Ndf6 15. cxd5 Nxg3 16. hxg3 Nxd5 17. Qe2 Nf6 18. Ne5 Bxe5 19. dxe5 {1-0 (40) Malakhov,V (2691)-Bellahcene,B (2507) Germany 2018}) 8... a6 {Black has an edge.} 9. e4 (9. O-O $142) 9... dxe4 $11 10. Nxe4 Bb4+ (10... Nc6 $1 $15 11. Nxf6+ Qxf6 12. Bxh7+ Kh8) 11. Ke2 {Black should prevent Nxf6+.} Nbd7 12. Rd1 Be7 13. Nxf6+ (13. Kf1 $11) 13... Nxf6 $15 14. Ne5 c5 ({And not} 14... Bxg2 15. Rg1 $14) (14... Kh8 $17 15. Be3 Bxg2) 15. g4 (15. dxc5 $11 {remains equal.} Qc7 16. Bb2) 15... cxd4 $17 {Threatens to win with ...Bd6.} 16. g5 Qc7 $1 {[%cal Rc7e5]} 17. Bf4 Bd6 ({Black should play} 17... Ng4 $1 $17 {[%cal Rg4e5]} 18. Bxh7+ Kh8) 18. gxf6 $15 Bxe5 $4 {[%mdl 8192]} (18... g6 $1 $15 {keeps the upper hand.} 19. Be4 Bxe5 20. Bxb7 Bxf4 21. Bxa8 Rxa8) 19. Bxh7+ $18 {White is clearly winning.} Kh8 20. fxg7+ Kxg7 21. Rg1+ Kh8 {[#]} 22. Qd3 $1 {[%cal Rd3h3]} f6 23. Bh6 {Strongly threatening Bg7+.} f5 {[#]} 24. Bg6 $1 {Black must now prevent Qh3.} ({Not} 24. Bxf8 Be4 $14) 24... Rg8 (24... Rf7 $142 25. Bxf7 Qxf7) 25. Qh3 {White wants to mate with Bg5+.} d3+ 26. Kxd3 {Intending Bg5+ and mate.} Rxg6 27. Rxg6 Qh7 28. Rag1 Be4+ 29. Ke2 {Rg7! would kill now.} f4 30. Bg7+ (30. Qxe6 $142 Bf3+ 31. Kxf3 Qb7+ 32. Qd5 Qxd5+ 33. cxd5) 30... Bxg7 31. Qxh7+ Kxh7 32. Rxg7+ Kh8 33. R7g4 e5 34. Rh4+ Bh7 35. Rg5 {Precision: White = 57%, Black = 28%.} 1-0

[Event "28th WSCC Open 65 2018"]
[Site "Bled"]
[Date "2018.11.21"]
[Round "4"]
[White "Jansa, Vlastimil"]
[Black "Wahlbom, Magnus"]
[Result "1-0"]
[WhiteElo "2437"]
[BlackElo "2173"]
[Annotator "TA"]
[PlyCount "73"]
[EventDate "2018.11.17"]
[EventType "swiss"]
[EventCountry "SLO"]
[SourceTitle "playchess.com"]
[Source "ChessBase"]
[SourceQuality "1"]

{[%evp 14,73,7,4,24,0,9,0,0,0,0,-10,6,13,0,0,20,2,7,0,38,37,86,56,72,71,93,94,78,12,12,-8,0,0,0,-16,-13,-51,-53,-69,-25,-60,75,52,102,94,215,215,227,218,208,208,337,329,318,240,382,377,472,458,1227,1205]} 1. e4 c5 2. Nf3 d6 3. d4 cxd4 4. Nxd4 Nf6 5. Nc3 a6 6. Bd3 e5 7. Nde2 Be7 8. O-O {LiveBook: 38 Games} Nc6 {B90: Sicilian Najdorf: Unusual White 6th moves, 6 Be3 Ng4 and 6 Be3 e5} (8... O-O 9. Ng3 Be6 10. Nd5 Bxd5 11. exd5 g6 12. Bh6 Re8 13. c4 Nbd7 14. b4 Bf8 15. Bg5 h6 16. Bd2 e4 {½-½ (46) Najer,E (2683)-Wojtaszek,R (2738) Batumi 2018}) 9. Kh1 O-O 10. f4 exf4 {The position is equal.} 11. Nxf4 $146 ({Predecessor:} 11. Bxf4 Be6 12. Ng3 g6 13. Qe1 Ne5 14. Rd1 Qc7 15. Nge2 Rfe8 16. Nd4 Nh5 17. Nxe6 fxe6 18. Bxe5 dxe5 {0-1 (51) Sischy,M (1980)-Stolarczyk,A (2071) Khanty-Mansiysk 2010}) 11... Ne5 12. Qe1 b5 13. a4 b4 14. Ncd5 Nxd5 15. Nxd5 b3 16. Be3 {[%cal Bc1e3,Be3a7,Ba7d4][%mdl 32]} Rb8 17. Ba7 Nxd3 18. cxd3 Rb7 19. Bd4 Be6 20. Qg3 {[%csl Gd4][%cal Rg3g7]} f6 21. Nf4 ({White should try} 21. Rfc1 $16) 21... Bf7 $11 22. a5 $40 {[%mdl 128] White is up to no good.} Rb5 23. Bb6 Qd7 24. Ne2 Rg5 25. Qe3 (25. Qf2 {keeps more tension.} d5 26. Be3 Rh5 27. Ng3 Re5 28. Bd4) 25... d5 26. Ng3 Be6 27. d4 Bd6 (27... dxe4 $15 {keeps the upper hand.} 28. Nxe4 Rg6) 28. e5 $1 $16 {[%cal Re5d6]} Be7 {[#]} 29. Rac1 $1 {[%cal Ba1c1,Bc1c7,Bc7e7][%mdl 32] And now Rc7 would win.} Rg6 (29... Re8 $16) 30. Rc7 $18 ({Weaker is} 30. Qxb3 fxe5 31. Rxf8+ Bxf8 $14) 30... Qe8 {[#]} 31. Rxe7 $1 {[%mdl 512]} Qxe7 32. Bc5 Qd7 (32... Qe8 $142) 33. Bxf8 Kxf8 34. Qxb3 Kf7 (34... Kg8 $142 35. exf6 Rxf6 36. Rxf6 gxf6) 35. Qb6 Qc8 36. Ne2 Qc4 (36... Bd7 $142 37. e6+ Bxe6) 37. Rc1 {Precision: White = 52%, Black = 27%.} 1-0